[Event "Open Section"]
[Site "Philadelphia, PA"]
[Date "2001.07.08"]
[Round "9"]
[White "Zaremba, Andrei A"]
[Black "Nagle, Sean"]
[Result "1-0"]
[WhiteElo "2367"]
[BlackElo "2285"]
[PlyCount "83"]
[EventDate "2001.07"]

1. d4 Nf6 2. Nf3 e6 3. g3 c5 4. Bg2 Nc6 5. O-O cxd4 6. Nxd4 Qb6 7. Nxc6 bxc6 8.
c4 Be7 9. e4 d6 10. Be3 Qc7 11. Nc3 O-O 12. Re1 Rd8 13. Rb1 Bb7 14. h3 c5 15.
Qc2 Bc6 16. Rbd1 Ne8 17. g4 Bf6 18. g5 Bxc3 19. Qxc3 Qb7 20. Bc1 f5 21. f3 fxe4
22. fxe4 e5 23. Qg3 Qf7 24. b3 Nc7 25. Rf1 Qg6 26. h4 Rf8 27. Rxf8+ Rxf8 28. h5
Qe6 29. Bh3 Qe7 30. Qg4 Rd8 31. g6 h6 32. Rf1 Bd7 33. Qg3 Bxh3 34. Qxh3 Rf8 35.
Rxf8+ Kxf8 36. Qf5+ Kg8 37. Qc8+ Ne8 38. b4 cxb4 39. c5 dxc5 40. Be3 c4 41.
Qxc4+ Kh8 42. Qf7 1-0